| 000 | 00672nam a2200229 a 4500 | ||
|---|---|---|---|
| 005 | 20260206064026.0 | ||
| 008 | 181017s2007 mx r 000 0 spa d | ||
| 020 | _a9789708102421 | ||
| 035 | _aUPN01000227323 | ||
| 049 | _aC | ||
| 050 | 4 |
_aPF3065 _bG8.4 2007 |
|
| 245 | 0 | 0 |
_aGuía de conversación : _balemán / _cdir. Butterfield Jeremy. |
| 250 | _a2a. ed. | ||
| 260 |
_aBarcelona, Esp. : _bGrijalbo Mondadori, _c2007. |
||
| 300 | _a230 p. | ||
| 650 | 4 |
_aAlemán _xEstudio y enseñanza _92383 |
|
| 650 | 7 |
_aTraducción e interpretación _2 _913974 |
|
| 650 | 2 |
_aVocabulario _921137 |
|
| 700 | 1 |
_aButterfield, Jeremy, _edir. |
|
| 905 | _aLibro | ||
| 999 |
_c199418 _d199418 |
||